LEADER 00941nam a2200241 a 4500 001 000000144429 003 CaOOAMICUS 005 20150630093820.0 008 150630s1996 it a u000 u ita r 020 $a88-311-5076-6 040 $aPUL$bita 100 1 $aLubich, Chiara,$d1920-2008.$0(OLS)http://pul/name/47563 245 10$aDisegni di luce :$bmeditazioni e immagini /$cChiara Lubich. 260 $aRoma :$bCittà Nuova,$c©1996. 300 $a135 p. :$bill. ;$c22 cm 650 4$aVita cristiana.$0(OLS)http://pul/subject/1596 850 $aPUL 852 $aPUL$W1$xDP1 Fondo S. Lanza$y121$m3 G 12$j166708$qFondi$B167302$CPULBib$Z2$F167302 $HLan767 $82 941 1 $a1 996 $6020$a88-311-5076-6$9(OLS)http://pul/number/158111 996 $6245$aDisegni di luce :$bmeditazioni e immagini$9(OLS)http://pul/title/182729 996 $6260$aRoma :$bCittà Nuova$9(OLS)http://pul/publisher/47927 LEADER 01131nam a2200265 u 4500 001 000000113607 003 CaOOAMICUS 005 20081021161118.0 008 081021s2008 it u000 u ita u 020 $z978-88-372-2278-9* 040 $aPUL$bita$dLDB 100 1 $aGibellini, Rosino,$d1926-$0(OLS)http://pul/name/11017 245 10$aBreve storia della teologia del XX secolo /$cRosino Gibellini. 260 $aBrescia :$bMorcelliana,$c2008. 300 $a184 p. ;$c21 cm. 490 1 $aTeologia (Morcelliana).$aNuova Serie ;$v10 504 $aBibliografia in nota. 650 4$aTeologia$xStoria$ySec. XX.$0(OLS)http://pul/subject/9804 830 0$aTeologia (Morcelliana).$pNuova Serie ;$v10.$0(OLS)http://pul/title/103309 850 $aPUL 852 $aPUL$W1$xSL Religione 3$y85$m230 GIBRO 1$j129802$qDDC 21$B128858$CPULBib$Z2$F128858 $H108496 $82 941 1 $a9 996 $6020$z978-88-372-2278-9*$9(OLS)http://pul/number/138939 996 $6245$aBreve storia della teologia del XX secolo$9(OLS)http://pul/title/142749 996 $6260$aBrescia :$bMorcelliana$9(OLS)http://pul/publisher/47854